00365nam a2200097Ia 4500008004100000100002200041245008200063260003900145650001500184856006800199160712s9999 xx 000 0 und d aDuport, Noëlle. cNoëlle Duport,aWorld Business Cycle, Local Specialization and Asset Prices c2012bPhilippine Management Review xMANAGEMENT uhttp://journals.upd.edu.ph/index.php/pmr/issue/view/248/showToc